<The> Challenges of microfinance: in India and Bandgladesh
Základ rastu mikrofinancií. Naliehavosť mikrofinancií v Indii. Dopyt a ponuka po mikrofinančných službách v Indii, úsporách a poistných službách. Inštitúcie mikrofinancií. Úloha mikrofinancií a ich budúcnosť.
Saved in:
| Main Author: | |
|---|---|
| Other Authors: | |
| Format: | Book Chapter |
| Language: | English |
| Subjects: | |
| Tags: |
No Tags, Be the first to tag this record!
|
MARC
| LEADER | 00000naa$a2200000$$$4500 | ||
|---|---|---|---|
| 001 | 0066554 | ||
| 005 | 20231107071746.2 | ||
| 041 | 0 | |a eng | |
| 044 | |a CZ | ||
| 245 | 1 | 0 | |a <The> Challenges of microfinance: in India and Bandgladesh |c Nibedita Saha, Wei-Xin Huang |
| 520 | |a Základ rastu mikrofinancií. Naliehavosť mikrofinancií v Indii. Dopyt a ponuka po mikrofinančných službách v Indii, úsporách a poistných službách. Inštitúcie mikrofinancií. Úloha mikrofinancií a ich budúcnosť. | ||
| 610 | 2 | 0 | |a India |
| 610 | 2 | 0 | |a Bangladéš |
| 610 | 2 | 0 | |a financie |
| 610 | 2 | 0 | |a inštitúcia |
| 100 | 1 | |a Saha, Nibedita | |
| 700 | 1 | |a Huang, Wei-Xin | |